Powiaty w województwie dolnośląskim - Statystyki

Ogólne statystyki
  • Ten quiz został rozwiązany 213 razy
    114 od ostatniego zresetowania
  • Średni wynik to 19 z 30
Statystyki odpowiedzi
Powiaty % Poprawnych
Wrocław
97%
legnicki
88%
wrocławski
83%
wałbrzyski
82%
kłodzki
79%
lubiński
77%
Jelenia Góra
74%
Legnica
74%
Wałbrzych
73%
zgorzelecki
69%
głogowski
68%
polkowicki
68%
świdnicki
68%
oleśnicki
66%
bolesławiecki
63%
oławski
62%
dzierżoniowski
58%
trzebnicki
57%
jaworski
55%
złotoryjski
54%
ząbkowicki
52%
milicki
50%
kamiennogórski
49%
lubański
48%
średzki
48%
karkonoski
46%
lwówecki
43%
strzeliński
42%
wołowski
41%
górowski
36%
Nie znaleziono quizów pasujących do podanych kryteriów
Rozkład punktacji
Procent ludzi z każdym wynikiem
Percentyl według liczby udzielonych odpowiedzi
Twoja historia wyników
Nie rozwiązałeś tego quizu od ostatniego zresetowania